[Event "AUTO-ADV-389"]
[Site "http://www.queenalice.com/game.php?id=162507"]
[Date "2007.2.2"]
[Round "1"]
[White "balthazar"]
[Black "Redtom"]
[Result "0-1"]
[WhiteElo "1904"]
[BlackElo "1920"]

1. e4 d5 2. exd5 Nf6 3. Nc3 Nxd5 4. Nf3 Bf5 5. d4 Nc6 6. Bc4 Nb6 7. Bb5 Qd6 8.
Ne5 f6 9. Nxc6 bxc6 10. Qf3 Bd7 11. Bd3 e5 12. Qe2 O-O-O 13. Ba6+ Kb8 14. dxe5
Qxe5 15. Qxe5 fxe5 16. O-O Bf5 17. Bg5 Rd7 18. Rfe1 Bd6 19. Rac1 h6 20. Be3 g5
21. Red1 Rhd8 22. Bd3 Be6 23. Be4 Kb7 24. Nb5 Be7 25. Rxd7 Rxd7 26. Nc3 Nc4 27.
Rd1 Nxe3 28. Rxd7 Bxd7 29. fxe3 Bc5 30. Kf2 Be6 31. a3 h5 32. b4 Bb6 33. b5 Bd7
34. bxc6+ Bxc6 35. Bxc6+ Kxc6 36. Ne4 Bc5 37. Nxc5 Kxc5 38. Kf3 Kd5 39. c3 e4+
0-1

[Event "AUTO-ADV-389"]
[Site "http://www.queenalice.com/game.php?id=162508"]
[Date "2007.2.2"]
[Round "1"]
[White "Redtom"]
[Black "balthazar"]
[Result "0-1"]
[WhiteElo "1922"]
[BlackElo "1872"]

1. e4 c5 2. Nf3 d6 3. Bb5+ Bd7 4. Bxd7+ Qxd7 5. O-O Nc6 6. c3 Nf6 7. Re1 e6 8.
d4 cxd4 9. cxd4 Be7 10. d5 exd5 11. exd5 Ne5 12. Nxe5 dxe5 13. Rxe5 O-O 14. Nc3
Rfe8 15. Bg5 h6 16. Bh4 Qd6 17. Qe2 Ng4 18. Bg3 Nxe5 19. Bxe5 Qd7 20. Qd3 Bd6
21. Bxd6 Qxd6 22. Qb5 a6 23. Qxb7 Qe5 24. h3 Rab8 25. Qxa6 Rxb2 26. Rc1 Qf4 27.
Qf1 Qd2 28. a4 Rc8 29. Qe1 Qxe1+ 30. Rxe1 Rxc3 31. Rd1 Rcc2 32. d6 Rd2 0-1

[Event "rsgaspar"]
[Site "http://www.queenalice.com/game.php?id=162523"]
[Date "2007.2.2"]
[Round "3"]
[White "balthazar"]
[Black "rsgaspar"]
[Result "1-0"]
[WhiteElo "1856"]
[BlackElo "1825"]

1. e4 e5 2. f4 exf4 3. Nf3 d6 4. d4 Nf6 5. Nc3 Bg4 6. Bxf4 h6 7. Bc4 a6 8. O-O
Nc6 9. h3 Bh5 10. g4 Bg6 11. Re1 Be7 12. d5 Na5 13. Bd3 c6 14. dxc6 Nxc6 15. Nd5
Nxd5 16. exd5 Nb4 17. Bxg6 fxg6 18. c3 O-O 19. Re4 g5 20. Be3 Nxa2 21. Rxa2 Rxf3
22. Qxf3 Qd7 23. b4 Rf8 24. Qe2 Bf6 25. c4 Be5 26. c5 Qc7 27. cxd6 Qxd6 28. Bc5
Qxd5 29. Rxe5 Qb3 30. Bxf8 Qg3+ 31. Kf1 Qf4+ 32. Ke1 Qc1+ 33. Kf2 Qf4+ 34. Kg2
Qf6 35. Bc5 Qc6+ 36. Qf3 1-0

[Event "Let's Play Chess!"]
[Site "http://www.queenalice.com/game.php?id=178456"]
[Date "2007.3.8"]
[Round "-"]
[White "balthazar"]
[Black "spawnwolfwolverine"]
[Result "1-0"]
[WhiteElo "1889"]
[BlackElo "1688"]

1. e4 e6 2. d4 g6 3. Nf3 d6 4. Nc3 Ne7 5. Bb5+ c6 6. Bd3 Bg7 7. O-O O-O 8. Bf4
d5 9. Re1 b6 10. Qe2 a6 11. exd5 cxd5 12. Ne5 Nd7 13. Nxd7 Qxd7 14. Qe3 Nf5 15.
Bxf5 exf5 16. Bh6 Bxh6 17. Qxh6 Bb7 18. Re5 Rae8 19. Rae1 Rxe5 20. dxe5 d4 21.
Ne2 Qd5 22. Nf4 Qxa2 23. e6 Qxb2 24. exf7+ Kxf7 25. Qxh7+ Kf6 26. Qxg6# 1-0

[Event "Let's Play Chess!"]
[Site "http://www.queenalice.com/game.php?id=178457"]
[Date "2007.3.8"]
[Round "-"]
[White "spawnwolfwolverine"]
[Black "balthazar"]
[Result "0-1"]
[WhiteElo "1720"]
[BlackElo "1897"]

1. g3 e5 2. a3 Nc6 3. e3 Nf6 4. Bg2 d5 5. Ne2 Be7 6. O-O O-O 7. b4 a6 8. c3 e4
9. Nf4 Ne5 10. d4 exd3 11. Nxd3 Bg4 12. f3 Bf5 13. Nxe5 Bd6 14. f4 a5 15. b5 Qe8
16. c4 dxc4 17. Bxb7 Bxe5 18. fxe5 Rd8 19. Qf3 Qxe5 20. Nd2 Be6 21. Rb1 Bh3 22.
Qf4 Qe6 23. Re1 c3 24. Nf3 c2 25. Rb2 Qb6 26. Be4 Nxe4 27. Rxc2 Nc5 28. a4 Nd3
29. Qxc7 Qxc7 30. Rxc7 Nxe1 31. Nxe1 Rd1 32. Kf2 Rfd8 33. Ba3 R8d2+ 34. Kf3 Rxe1
35. g4 f6 36. b6 Bg2+ 37. Kf4 Rf1+ 38. Kg3 Rf3+ 39. Kh4 Rh3# 0-1

[Event "Challenge"]
[Site "http://www.queenalice.com/game.php?id=196236"]
[Date "2007.4.13"]
[Round "-"]
[White "REUSKING"]
[Black "balthazar"]
[Result "0-1"]
[WhiteElo "1888"]
[BlackElo "1906"]

1. e4 c5 2. Nf3 d6 3. d4 cxd4 4. Nxd4 Nf6 5. Nc3 a6 6. Bc4 e6 7. O-O Qc7 8. Bb3
Be7 9. Be3 O-O 10. f3 Nc6 11. Nxc6 bxc6 12. Qd2 d5 13. exd5 exd5 14. Bf4 Qd7 15.
Rfe1 Re8 16. Rad1 Bc5+ 17. Kf1 Nh5 18. Rxe8+ Qxe8 19. Re1 Be6 20. Bg3 Nxg3+ 21.
hxg3 a5 22. a3 Bd6 23. Ne4 Be5 24. Nc5 Bxg3 25. Re2 Rb8 26. Nxe6 fxe6 27. Qe3 a4
28. Bxa4 Rxb2 29. Qc1 Rb7 30. Bb3 Qh5 31. Qe3 e5 32. a4 Rb4 33. Rd2 Bf4 0-1

[Event "Let's Play Chess!"]
[Site "http://www.queenalice.com/game.php?id=202458"]
[Date "2007.4.26"]
[Round "-"]
[White "Chessfriend1959"]
[Black "balthazar"]
[Result "0-1"]
[WhiteElo "2057"]
[BlackElo "1921"]

1. Nf3 d5 2. c4 d4 3. g3 c5 4. Bg2 Nc6 5. O-O e5 6. d3 Nf6 7. e3 Be7 8. exd4
cxd4 9. Re1 Nd7 10. Nbd2 O-O 11. a3 f5 12. b4 Bf6 13. c5 a5 14. Bb2 axb4 15.
axb4 Rxa1 16. Qb3+ Kh8 17. Rxa1 Qe8 18. b5 Nxc5 19. Qc4 Nxd3 20. bxc6 Nxb2 21.
Qb3 bxc6 22. Qxb2 e4 23. Re1 Qd8 0-1

[Event "Challenge"]
[Site "http://www.queenalice.com/game.php?id=209628"]
[Date "2007.5.11"]
[Round "-"]
[White "balthazar"]
[Black "REUSKING"]
[Result "1/2-1/2"]
[WhiteElo "1942"]
[BlackElo "1929"]

1. e4 e5 2. Nf3 Nf6 3. d4 exd4 4. e5 Ne4 5. Qxd4 d5 6. exd6 Nxd6 7. Bd3 Nc6 8.
Qf4 g6 9. Nc3 Bg7 10. O-O O-O 11. Re1 Bf5 12. Bxf5 Nxf5 13. Rd1 Qc8 14. Nd5 Nce7
15. Nxe7+ Nxe7 16. c3 c6 17. Ng5 Qf5 18. Qxf5 Nxf5 19. Ne4 Rad8 20. Bg5 f6 21.
Rxd8 Rxd8 22. Bxf6 Bxf6 23. Nxf6+ Kg7 24. Ne4 b6 25. b3 Rd7 26. f3 a6 1/2-1/2

[Event "Let's Play Chess!"]
[Site "http://www.queenalice.com/game.php?id=211334"]
[Date "2007.5.15"]
[Round "-"]
[White "balthazar"]
[Black "menino27"]
[Result "1-0"]
[WhiteElo "1943"]
[BlackElo "1551"]

1. e4 c5 2. Nf3 e6 3. d4 cxd4 4. Nxd4 Nf6 5. Nc3 a6 6. e5 Nd5 7. Nxd5 exd5 8.
Qf3 Nc6 9. Qxd5 Qa5+ 10. Qxa5 Nxa5 11. Bd2 Nc4 12. Bxc4 Bc5 13. Be3 O-O 14. O-O
Be7 15. Rfd1 b5 16. Bd3 Bb7 17. f4 Bc5 18. Nf5 Bxe3+ 19. Nxe3 Rfe8 20. Bf5 Re7
21. Rxd7 Rxd7 22. Bxd7 Rd8 23. Rd1 1-0

[Event "Let's Play Chess!"]
[Site "http://www.queenalice.com/game.php?id=211336"]
[Date "2007.5.15"]
[Round "-"]
[White "menino27"]
[Black "balthazar"]
[Result "0-1"]
[WhiteElo "1552"]
[BlackElo "1941"]

1. d4 Nf6 2. c4 g6 3. Nc3 Bg7 4. e4 d6 5. Be3 O-O 6. Bd3 e5 7. Nge2 exd4 8. Nxd4
Ng4 9. Qd2 Nxe3 10. Qxe3 f5 11. O-O-O f4 12. Qd2 Bxd4 13. Nd5 Nc6 14. Nxf4 g5
15. Ne2 Rxf2 16. Rhg1 Bg4 17. Rgf1 Bxe2 18. Rxf2 Bxf2 19. Bxe2 Bd4 20. Bg4 Qf6
21. b4 a5 22. Qxd4 Nxd4 0-1

[Event "Challenge"]
[Site "http://www.queenalice.com/game.php?id=214807"]
[Date "2007.5.22"]
[Round "-"]
[White "REUSKING"]
[Black "balthazar"]
[Result "0-1"]
[WhiteElo "1945"]
[BlackElo "1945"]

1. e4 c5 2. Nf3 d6 3. d4 cxd4 4. Nxd4 Nf6 5. Nc3 a6 6. a4 g6 7. Be2 Bg7 8. O-O
Nc6 9. Be3 O-O 10. Kh1 e5 11. Nb3 Be6 12. Nd2 Rc8 13. f3 d5 14. exd5 Nxd5 15.
Nxd5 Qxd5 16. Bc4 Qd6 17. Bxe6 Qxe6 18. Nb3 Rfd8 19. Qe2 f5 20. Rfd1 e4 21. Nc5
exf3 22. Qxf3 Qe7 23. c3 Ne5 24. Qf2 Ng4 0-1

[Event "Challenge"]
[Site "http://www.queenalice.com/game.php?id=235439"]
[Date "2007.7.6"]
[Round "-"]
[White "Erinaldo"]
[Black "balthazar"]
[Result "1-0"]
[WhiteElo "1861"]
[BlackElo "1961"]

1. e4 c5 2. Nf3 d6 3. d4 cxd4 4. Nxd4 Nf6 5. Nc3 a6 6. Bg5 e6 7. f4 Qb6 8. Nb3
Nbd7 9. Qf3 Be7 10. O-O-O O-O 11. Bd3 h6 12. Bh4 Qc7 13. g4 b5 14. g5 hxg5 15.
Bxg5 Bb7 16. Qh3 b4 17. Nb1 Rfe8 18. Rhg1 Rac8 19. Qg2 Nb6 20. Na5 Nbd5 21. Nxb7
Ne3 22. Qe2 Nxd1 23. Kxd1 Qxb7 24. e5 dxe5 25. Bxf6 Bxf6 26. fxe5 Qa7 27. Rg2
Be7 28. Qh5 f5 29. exf6 Bxf6 30. Qh7+ 1-0

[Event "AUTO-OPEN-836"]
[Site "http://www.queenalice.com/game.php?id=274721"]
[Date "2007.9.20"]
[Round "1"]
[White "Caisso"]
[Black "balthazar"]
[Result "1-0"]
[WhiteElo "2093"]
[BlackElo "1933"]

1. e4 c5 2. Nf3 d6 3. d4 cxd4 4. Nxd4 Nf6 5. Nc3 a6 6. Be3 Ng4 7. Qd2 Nxe3 8.
Qxe3 Nc6 9. Bc4 Qb6 10. O-O-O e6 11. Nf5 1-0

[Event "AUTO-OPEN-836"]
[Site "http://www.queenalice.com/game.php?id=274722"]
[Date "2007.9.20"]
[Round "1"]
[White "balthazar"]
[Black "Caisso"]
[Result "0-1"]
[WhiteElo "1923"]
[BlackElo "2102"]

1. e4 e6 2. d4 d5 3. Nc3 Bb4 4. e5 c5 5. Bd2 cxd4 6. Nb5 Bc5 7. b4 Bf8 8. Nxd4
Nc6 9. Ngf3 Bxb4 10. Bxb4 Nxb4 0-1

[Event "397"]
[Site "http://www.queenalice.com/game.php?id=371082"]
[Date "2008.3.14"]
[Round "-"]
[White "phystutordotcom"]
[Black "balthazar"]
[Result "1-0"]
[WhiteElo "2028"]
[BlackElo "1826"]

1. Nf3 d5 2. d3 g6 3. Nbd2 Bg7 4. e4 Nf6 5. g3 b6 6. e5 Ng4 7. d4 O-O 8. Bg2 f6
9. h3 Nh6 10. O-O Be6 11. Qe2 c5 12. c3 Nc6 13. exf6 Rxf6 14. Nb3 c4 15. Nbd2
Bf5 16. Re1 Re6 17. Qd1 Rxe1+ 18. Qxe1 b5 19. Nh4 Qd7 20. Nxf5 Nxf5 21. Nf3 Rf8
22. Ng5 Rf6 23. a4 1-0

[Event "Let's Play Chess!"]
[Site "http://www.queenalice.com/game.php?id=453094"]
[Date "2008.8.24"]
[Round "-"]
[White "balthazar"]
[Black "Groomi"]
[Result "1-0"]
[WhiteElo "1820"]
[BlackElo "1628"]

1. c4 e6 2. Nf3 d5 3. Nc3 dxc4 4. e4 Nc6 5. Bxc4 Nd4 6. Nxd4 Qxd4 7. d3 Bb4 8.
Qa4+ c6 9. Qxb4 a5 10. Qa4 Ne7 11. Be3 Qf6 12. O-O b5 13. Nxb5 cxb5 14. Bxb5+
Kf8 15. f4 Qxb2 16. Rab1 Qc3 17. Rb3 Qc2 18. Bc4 Ng6 19. Bc5+ Ne7 20. Bxe7+ Kxe7
21. Rb7+ Bxb7 22. Qxc2 Rhc8 23. Qb3 Rcb8 24. Qa3+ Kf6 25. e5+ Kf5 26. Qe7 Kg6
27. Qg5# 1-0